000
00285nam a2200109Ia 4500
008
220204s9999 xx 000 0 und d
082
_a
001
_b
RAV
100
_a
RAVETZ, Jerome R
245
0
_a
Scientific knowledge and its social problems
260
_a
England
_b
Penguin
_c
1973
942
_c
BK
999
_c
26302
_d
26302